A Mátyusföld múltja egy régió kilenc évszádozos története

Bibliographic Details
Format: Article
Language:Hungarian
Subjects:

MARC

LEADER 00000nab a2200000 ar4500
001 vtls008700874
003 SK-MaSNL
005 20260318114832.0
008 060502c2006 xo ||||||o| 000 b|hun
015 |a SNBRB2006/05  |2 snkbucl 
038 |a SNKBUCL 
040 |a DSZK  |b slo  |c DSZK  |e AACR2 
041 0 |a hun 
044 |a xo  |c SK 
080 |a 908  |x (437.6)  |x (048)  |2 1997 
080 |a 94(437.6)  |x "11/19"  |x (048)  |2 1997 
245 0 0 |a A Mátyusföld múltja  |b egy régió kilenc évszádozos története  |c [szerző] (latimer) 
300 |b Fotogr. 
500 |a Zostavovateľom recenzovanej publikácie je László Bukovszky 
650 0 7 |a regionálne dejiny  |2 SNKPH  |9 63645 
651 7 |a Galanta (Slovensko : okres)  |2 snkbucl  |9 15964 
655 7 |a recenzie  |2 snkbucl  |9 21907 
740 0 2 |a Egy régió története a XI. századtól 1945-ig 
773 0 |t Szabad újság  |g Évf. XIV, sz. 16 (2006), o. 11  |x 1335-6631 
787 0 8 |i Rec :  |a Bukovszky, László, 1966-  |t Mátyusföld : II, Egy régió története a XI. századtól 1945-ig  |d Komárom : Fórum Kisebbségkutató Intézet ; Dunaszerdahely : Lilium Aurum, 2005  |z 8080622779 
852 |a SNK  |b KIS3GCP 
852 |a DSZK  |b KIS3GCP 
958 |a HU 
958 |a SK 
958 |a RC 
999 |c 3329921  |d 3331851